NBA Celtics Legends - Statistics

General Stats
  • This quiz has been taken 51 times
    33 since last reset
  • The average score is 21 of 37
Answer Stats
NBA Players % Correct
Bill Russell
100%
Jayson Tatum
100%
Jaylen Brown
96%
Jo Jo White
92%
Kevin Garnett
92%
Kevin McHale
92%
Larry Bird
92%
Paul Pierce
92%
John Havlicek
88%
Ray Allen
88%
Bob Cousy
85%
Rajon Rondo
85%
Derrick White
81%
Dave Cowens
77%
Robert Parish
77%
Isaiah Thomas
69%
Sam Jones
69%
Al Horford
62%
K.C. Jones
62%
Kyrie Irving
58%
Shaquille O'Neal
54%
Dennis Johnson
50%
Antoine Walker
35%
Bill Sharman
35%
Cedric Maxwell
35%
Nate Archibald
35%
Danny Ainge
31%
Kemba Walker
31%
Tom Heinsohn
31%
Bill Walton
27%
Satch Sanders
23%
Ed Macauley
15%
Bailey Howell
12%
Don Nelson
8%
Paul Silas
4%
Chris Ford
0%
Reggie Miller
0%
No matching quizzes found
Score Distribution
Percent of People with Each Score
Percentile by Number Answered
Your Score History
You have not taken this quiz since the last reset